Statistics for Top 50 SNL Cast Members

Click here to take the quiz!

General Stats

  • This quiz has been taken 922 times
  • The average score is 23 of 50

Answer Stats

Hint Answer % Correct
3Tina Fey
87%
12Will Ferrell
86%
2Eddie Murphy
82%
1John Belushi
79%
17Adam Sandler
78%
4Mike Myers
78%
15Chris Farley
74%
36Jimmy Fallon
73%
10Chevy Chase
73%
5Dan Aykroyd
72%
8Amy Poehler
71%
11Dana Carvey
69%
6Bill Murray
66%
14Kristen Wiig
63%
27David Spade
61%
9Gilda Radner
60%
46Kenan Thompson
59%
28Seth Meyers
54%
13Bill Hader
53%
7Phil Hartman
52%
22Andy Samberg
51%
21Chris Rock
49%
40Molly Shannon
47%
37Kate McKinnon
45%
18Maya Rudolph
44%
16Rachel Dratch
41%
48Tim Meadows
39%
23Fred Armisen
38%
25Jason Sudeikis
35%
49Darrell Hammond
35%
39Cecily Strong
34%
47Jane Curtin
33%
29Martin Short
33%
44Rob Schneider
32%
26Jan Hooks
32%
34Dennis Miller
30%
45Julia Louis-Dreyfus
30%
30Billy Crystal
28%
33Ana Gasteyer
27%
19Jon Lovitz
27%
24Laraine Newman
26%
20Al Franken
25%
35Chris Parnell
24%
41Taran Killam
22%
43Vanessa Bayer
22%
50Nasim Pedrad
16%
31Christopher Guest
12%
32Tim Kazurinsky
6%
38Don Pardo
5%
42Don Novello
4%

Score Distribution

Percentile by Number Answered

Percent of People with Each Score

Your Score History

You have not taken this quiz